Normal view
MARC view
- Usman Ghani Arain
Entry Personal Name
001 - CONTROL NUMBER
- control field: 15609
003 - CONTROL NUMBER IDENTIFIER
- control field: NUST
005 - DATE AND TIME OF LATEST TRANSACTION
- control field: 20190626071630.0
008 - FIXED-LENGTH DATA ELEMENTS
- fixed length control field: 190626|| aca||aabn | a|a d
040 ## - CATALOGING SOURCE
- Original cataloging agency: NUST
- Transcribing agency: NUST
100 ## - HEADING--PERSONAL NAME
- Personal name: Usman Ghani Arain
670 ## - SOURCE DATA FOUND
- Source citation: Work cat.: (NUST): Usman Ghani Arain, Work flow Automation Framework for Optimizing Academic Performance through ABET's Guidelines/, 2012.
